| 000 | 00531nam a22001937a 4500 | ||
|---|---|---|---|
| 003 | OSt | ||
| 005 | 20140310182801.0 | ||
| 008 | 130213t xxu||||| |||| 00| 0 eng d | ||
| 020 | _a9719213701 | ||
| 050 |
_aTX 911 _b.R643 2002 |
||
| 245 |
_aOperating and managing a hotel and restaurant business / _cAmelia Samson Roldan. |
||
| 260 |
_aManila : A _bR Skill Development, _cc2002. |
||
| 300 |
_a283 p. ; _c25 cm. |
||
| 521 | _aTOU | ||
| 562 | _e1 | ||
| 650 | _aRestaurant management | ||
| 942 |
_2lcc _cBK _kFOR |
||
| 999 |
_c15973 _d15973 |
||